ARRUPE JESUIT UNIVERSITY

CORONAVIRUS -STOP THE SPREAD - CLEAN,DISINFECT,COVER

La colonne et le fondement de la vérité : (Record no. 127480)

MARC details
000 -LEADER
fixed length control field 01226cam a2200301 p 4500
001 - CONTROL NUMBER
control field 1299220
003 - CONTROL NUMBER IDENTIFIER
control field ARRUPE
005 - DATE AND TIME OF LATEST TRANSACTION
control field 20180124104442.0
008 - FIXED-LENGTH DATA ELEMENTS--GENERAL INFORMATION
fixed length control field 760921s1975 sz af b 000 0 fre
010 ## - LIBRARY OF CONGRESS CONTROL NUMBER
LC control number 76478414
015 ## - NATIONAL BIBLIOGRAPHY NUMBER
National bibliography number Sw75-A-3095
020 ## - INTERNATIONAL STANDARD BOOK NUMBER
Terms of availability 58.00F
040 ## - CATALOGING SOURCE
Original cataloging agency DLC
Transcribing agency DLC
Modifying agency DLC
041 1# - LANGUAGE CODE
Language code of text/sound track or separate title frerus
050 00 - LIBRARY OF CONGRESS CALL NUMBER
Classification number BT160
Item number .F5514
082 00 - DEWEY DECIMAL CLASSIFICATION NUMBER
Classification number 231/.8
300 ## - PHYSICAL DESCRIPTION
Other physical details ill. ;
Dimensions 23 cm.
100 1# - MAIN ENTRY--PERSONAL NAME
Personal name Florenskiĭ, P. A.
Fuller form of name (Pavel Aleksandrovich),
Dates associated with a name 1882-1937.
9 (RLIN) 38841
245 13 - TITLE STATEMENT
Title La colonne et le fondement de la vérité :
Remainder of title essai d'une théodicée orthodoxe en douze lettres /
Statement of responsibility, etc Paul Florensky ; trad. du russe par Constantin Andronikof.
260 ## - PUBLICATION, DISTRIBUTION, ETC. (IMPRINT)
Place of publication, distribution, etc Lausanne :
Name of publisher, distributor, etc Editions L'Age d'homme,
Date of publication, distribution, etc 1975
300 ## - PHYSICAL DESCRIPTION
Extent 501 p., :
490 0# - SERIES STATEMENT
Series statement Sophia
490 0# - SERIES STATEMENT
Series statement Collection Slavica
500 ## - GENERAL NOTE
General note Translation of Stolp i utverzhdenīe istiny, originally published in 1914 as a revision of the author's thesis (1912), Moskovskai︠a︡ dukhovnai︠a︡ akademii︠a︡.
504 ## - BIBLIOGRAPHY, ETC. NOTE
Bibliography, etc Includes bibliographical references.
650 #0 - SUBJECT ADDED ENTRY--TOPICAL TERM
Topical term or geographic name as entry element Theodicy.
9 (RLIN) 15155
906 ## - LOCAL DATA ELEMENT F, LDF (RLIN)
a 7
b cbc
c orignew
d 3
e ncip
f 19
g y-gencatlg
942 ## - ADDED ENTRY ELEMENTS (KOHA)
Source of classification or shelving scheme Library of Congress Classification
Koha item type Monograph ( Printed materials)
Holdings
Withdrawn status Lost status Source of classification or shelving scheme Damaged status Not for loan Collection code Home library Current library Shelving location Date acquired Total Checkouts Full call number Barcode Date last seen Price effective from Koha item type
    Library of Congress Classification     Main Collection ARRUPE LIBRARY ARRUPE LIBRARY Main Collection 24/01/2018   BT160 .F5514 46600000906 24/01/2018 24/01/2018 Monograph ( Printed materials)

 

Arrupe Library. PO Box MP320 Mt Pleasant, Harare, Zimbabwe
263 242 745411|librarian@aju.ac.zw